Statistics for Ultimate Premier League Quiz

Click here to take the quiz!

General Stats

  • This quiz has been taken 30 times
  • The average score is 61 of 135

Answer Stats

Answer% Correct
Manchester United
100%
Manchester City
100%
Arsenal
95%
Arsène Wenger
95%
The Gunners
95%
Liverpool
95%
Everton
95%
West Ham United
89%
Chelsea
89%
The Red Devils
89%
Southampton
89%
Stoke City
89%
Tottenham Hotspur
89%
Emirates Stadium
89%
Spurs
89%
The Reds
84%
Bournemouth
84%
The Blues
84%
José Mourinho
84%
West Bromwich Albion
84%
Newcastle United
84%
Crystal Palace
84%
Brighton & Hove Albion
84%
Swansea City
79%
Jurgen Klopp
79%
Huddersfield Town
79%
Old Trafford
79%
The Swans
79%
Alexis Sánchez
74%
Pep Guardiola
74%
Wembley
74%
Etihad Stadium
74%
Burnley
74%
Anfield
74%
Sergio Agüero
68%
Stamford Bridge
68%
Harry Kane
68%
The Citizens
68%
Watford
68%
The Magpies
68%
Leicester City
68%
Diego Costa
63%
St James' Park
63%
Antonio Conte
63%
The Hammers
63%
Joshua King
58%
The Toffees
58%
Mauricio Pochettino
58%
Romelu Lukaku
58%
Jamie Vardy
58%
Ronald Koeman
53%
Zlatan Ibrahimovic
53%
The Potters
53%
St Mary's Stadium
53%
Sadio Mané
53%
Mark Hughes
53%
Dele Alli
53%
Goodison Park
53%
The Cherries
53%
The Seagulls
53%
Tony Pulis
47%
Christian Benteke
47%
Kevin De Bruyne
47%
Rafa Benítez
47%
The Hornets
47%
Selhurst Park
42%
Eddie Howe
42%
Bet365 Stadium
42%
The Baggies
42%
The Saints
42%
The Hawthorns
42%
London Stadium
42%
The Amex
42%
The Clarets
42%
The Eagles
42%
The Foxes
42%
King Power Stadium
37%
Sean Dyche
37%
Turf Moor
37%
Marko Arnautovic
37%
Peter Crouch
32%
Anthony Martial
32%
Frank De Boer
32%
Marco Silva
32%
The Terriers
32%
Vicarage Road
32%
Craig Shakespeare
32%
Liberty Stadium
32%
Troy Deeney
26%
Glenn Murray
26%
Wilfried Zaha
26%
David Wagner
26%
Chris Hughton
26%
Slaven Bilić
26%
Dean Court
21%
Mauricio Pellegrino
21%
Gylfi Sigurdsson
21%
Paul Clement
21%
Cesc Fàbregas
21%
Fernando Llorente
21%
John Smith's Stadium
16%
César Azpilicueta
16%
Christian Eriksen
16%
Dwight Gayle
16%
Ross Barkley
16%
David De Gea
16%
Anthony Knockaert
11%
Christopher Schindler
11%
Manuel Lanzini
11%
Nathaniel Clyne
11%
Salomón Rondón
11%
Dusan Tadic
11%
Michail Antonio
11%
José Holebas
5%
Georginio Wijnaldum
5%
Marc Albrighton
5%
Dimitri Payet
5%
Matt Phillips
5%
Ben Foster
5%
Steven Defour
5%
Junior Stanislas
5%
Paul Dummett
5%
David Stockdale
5%
Nathan Redmond
5%
Heurelho Gomes
5%
Erik Pieters
5%
Fraser Forster
5%
Christian Fuchs
5%
Joel Ward
5%
Stephen Ward
5%
Steve Cook
5%
Elias Kachunga
5%
Sam Vokes
5%
Jonjo Shelvey
5%
Tommy Smith
0%

Score Distribution

Percentile by Number Answered

Percent of People with Each Score

Your Score History

You have not taken this quiz